Eurovision 2022 - Statistics

General Stats
  • This quiz has been taken 16 times
  • The average score is 25 of 40
Answer Stats
Country Song Artist SF Rank SF Points Grand Final Rank Grand Final Points % Correct
Ukraine Stefania Kalush Orchestra 1st 337 1st 631
100%
United Kingdom SPACE MAN Sam Ryder N/A N/A 2nd 466
100%
Norway Give that Wolf a Banana Subwoolfer 6th 177 10th 182
88%
Serbia In Corpore Sano Konstrakta 3rd 237 5th 312
88%
Spain SloMo Chanel N/A N/A 3rd 459
88%
Moldova Trenulețul Zdob şi Zdub & the Advahov Brothers 8th 154 7th 253
81%
Sweden Hold Me Closer Cornelia Jakobs 1st 396 4th 438
81%
Australia Not the Same Sheldon Riley 2nd 243 15th 125
75%
Finland Jezebel The Rasmus 7th 162 21st 38
75%
Iceland Með Hækkandi Sól Systur 10th 103 23rd 20
69%
Italy Brividi Mahmood/BLANCO N/A N/A 6th 268
69%
Poland River Ochman 6th 198 12th 151
69%
Portugal Saudade, Saudade MARO 4th 208 9th 207
69%
Armenia Snap Rosa Linn 5th 187 20th 61
63%
Austria Halo (ft. Pia Maria) LUM!X 15th 42 DNQ DNQ
63%
Czech Republic Lights Off We Are Domi 4th 227 22nd 38
63%
France Fulenn Alvan and Ahez N/A N/A 24th 17
63%
Germany Rockstars Malik Harris N/A N/A 25th 6
63%
Latvia Eat Your Salad Citi Zēni 14th 55 DNQ DNQ
63%
Netherlands De Diepte S10 2nd 221 11th 171
63%
Belgium Miss You Jérémie Makiese 8th 161 19th 64
56%
Greece Die Together Amanda Georgiadi Tenfjord 3rd 211 8th 215
56%
Ireland That's Rich Brooke 15th 47 DNQ DNQ
56%
Israel I.M. Micheal Ben David 13th 61 DNQ DNQ
56%
Romania Llámame WRS 9th 118 18th 65
56%
Switzerland Boys do Cry Marius Bear 9th 118 17th 78
56%
Cyprus Ela Andromache 12th 63 DNQ DNQ
50%
Denmark The Show REDDI 13th 55 DNQ DNQ
50%
Estonia Hope Stefan 5th 209 13th 141
50%
Georgia Lock Me In Circus Mircus 18th 22 DNQ DNQ
50%
Lithuania Sentimentai Monika Liu 7th 159 14th 128
50%
Malta I Am What I Am Emma Muscat 16th 47 DNQ DNQ
50%
North Macedonia Circles Andrea 11th 76 DNQ DNQ
50%
Albania Sekret Ronela Hajati 12th 58 DNQ DNQ
44%
Azerbaijan Fade to Black Nadir Rustamli 10th 96 16th 106
44%
Bulgaria Intention Intelligent Music Project 16th 29 DNQ DNQ
44%
Croatia Guilty Pleasure Mia Dimšić 11th 75 DNQ DNQ
44%
Montenegro Breathe Vladana 17th 33 DNQ DNQ
44%
San Marino Stripper Achille Lauro 14th 50 DNQ DNQ
44%
Slovenia Disko LPS 17th 15 DNQ DNQ
44%
No matching quizzes found
Score Distribution
Percent of People with Each Score
Percentile by Number Answered
Your Score History
You have not taken this quiz